Vencer el miedo: entrenamiento para liberarse de complejos

שמור ב:
מידע ביבליוגרפי
Main Authors: Heil, Klaus D (Author), Hennenhofer, Gerd (Author)
פורמט: ספר
שפה:ספרדית
יצא לאור: Bilbao Mensajero 1987
מהדורה:3a. ed
נושאים:
תגים: הוספת תג
אין תגיות, היה/י הראשונ/ה לתייג את הרשומה!

MARC

LEADER 00000nam a2200000 a 4500
001 UCP8853
003 CL-VaPUC
008 000317e19870000SP |||||||||||||||||spa|d
082 0 4 |a 152.46  |b HEI  |2 21 
100 0 |a Heil, Klaus D  |e author  |9 439114 
700 0 |a Hennenhofer, Gerd  |e author  |9 439115 
245 1 0 |a Vencer el miedo: entrenamiento para liberarse de complejos 
250 |a 3a. ed 
300 |a 128 p 
942 |c BK 
945 |d 20000317 00:00:00  |a rbrito 
260 |a Bilbao  |b Mensajero  |c 1987 
650 0 |a Miedo   |9 307306 
650 7 |a STRES  |2 CL-VaPUC  |9 439116 
650 0 |a Psicología fisiológica  |9 309849 
650 0 |a Personalidad   |9 307255 
650 7 |a TEST PSICOLOGICOS  |2 CL-VaPUC  |9 333478 
583 |a last modification  |c 20000317 00:00:00  |k Rodrigo Vera 
999 |c 285732  |d 285730 
952 |0 0  |1 0  |4 0  |6 152_460000000000000_HEI_1987  |7 0  |8 P  |9 330501  |a BIBEDU  |b BIBEDU  |c BIBEDU_PB  |d 2019-11-20  |i 3596532  |o 152.46 HEI 1987  |p 3596532  |r 2024-01-25  |w 2019-11-20  |y BK  |k EPE